banner-ar

فيلق النخبة الاسود : (Record no. 65431)

MARC details
000 -الفاتح
حقل البيانات ثابتة الطول 01534nam a22003017a 4500
005 - وقت وتاريخ اخر تعامل مع التسجيلة
رقم الضبط 20240530110824.0
008 - عناصر البيانات ثابتة الطول - معلومات عامة
حقل البيانات ثابتة الطول 190731s2017 ua b g b 000 0 ara d
017 ## - رقم الايداع القانونى
رقم الايداع القانونى 2017/7005
المصدر ( الهيئة المختصة) مصر. دار الكتب
020 ## - الرقم الدولى المعيارى للكتب
الرقم الدولى المعيارى للكتاب 9773223892
040 ## - مصدر الفهرسة
وكالة الفهرسة الأصلية EG-CaGPL
وكالة النسخ EG-CaGPL
082 04 - رقم تصنيف ديوى العشرى
رقم الطبعة 21
رقم التصنيف 962.41/
رقم المادة هـ ف
100 1# - المدخل الرئيسى - إسم شخصى
الإسم الشخصى هيل، ريتشارد
245 10 - بيان العنوان
العنوان فيلق النخبة الاسود :
بقية العنوان كتيبة من المجندين المصريين السودانيين مع الجيش الفرنسى فى المكسيك 1863 -1867 والباقون منها فى التاريخ الافريقى اللاحق /
بيان المسئوليه,etc تاليف ريتشارد هيل، بيتر هوج ؛ ترجمة قاسم عبده قاسم
250 ## - بيان الطبعة
بيان الطبعة ط.1
260 ## - PUBLICATION, DISTRIBUTION, ETC. (IMPRINT)
تاريخ النشر أو التوزيع .2017
300 ## - الوصف المادى
التعداد 279 ص. :
تفاصيل ماديه اخرى للوعاء خرائط ؛
أبعاد الوعاء 24 سم.
504 ## - تبصرة ببليوجرافية
تبصرة ببليوجرافية,الخ يشتمل على ارجاعات ببليوجرافية
650 ## - المدخل الاضافى بالموضوع-مصطلح موضوعى
مصدر الرأس أو المصطلح qrmak
651 07 - المدخل الاضافى بالموضوع - اسم جغرافى
مصدر الرأس أو المصطلح qrmak
الاسم الجغرافي افريقيا
التقسيم الفرعي العام العلاقات الخارجية
التقسيم الفرعي الجغرافي المكسيك
651 07 - المدخل الاضافى بالموضوع - اسم جغرافى
مصدر الرأس أو المصطلح qrmak
الاسم الجغرافي المكسيك
التقسيم الفرعي العام العلاقات الخارجية
التقسيم الفرعي الجغرافي افريقيا
651 07 - المدخل الاضافى بالموضوع - اسم جغرافى
مصدر الرأس أو المصطلح qrmak
الاسم الجغرافي المكسيك
التقسيم الفرعي العام الاحوال السياسيه
651 07 - المدخل الاضافى بالموضوع - اسم جغرافى
مصدر الرأس أو المصطلح qrmak
الاسم الجغرافي المكسيك
التقسيم الفرعي العام تاريخ
653 #0 - مصطلح تكشيفى غير مقيد
مصطلح غير مقيد المكسيك - التواجد الافريقى
700 1# - المدخل الاضافى - اسم شخصى
الإسم الشخصى هوج، بيتر
الدور مؤلف مشارك
700 0# - المدخل الاضافى - اسم شخصى
الإسم الشخصى قاسم عبده قاسم
الدور مترجمذ
942 ## - عناصر المدخل الإضافي( كوها)
مصدر التصنيف او مخطط الترفيف Dewey Decimal Classification
Koha [default] item type كتاب
260 ## - PUBLICATION, DISTRIBUTION, ETC. (IMPRINT)
-- القاهرة :
-- عين للدراسات و البحوث الانسانية و الاجتماعية،
Holdings
حالة التراجع حالة الفقد حالة تلف ليس للاعارة المكان المؤقت الموقع الحالى موقع الترفيف تاريخ الاكتساب اجمالي اﻻعارات رقم الطلب الباركود تاريخ اخر مشاهدة تاريخ تفعيل السعر نوع وعاء كوها
        مكتبة القاهرة الكبرى مكتبة القاهرة الكبرى القاعة الرئيسية 07/31/2019   962.41/ هـ ف 166298 07/31/2019 07/31/2019 كتاب

Powered By

EGPV